Human physiology : (رقم التسجيلة. 42658)

تفاصيل مارك
000 -الفاتح
حقل البيانات ثابتة الطول 01270cam a2200289Ii 4500
003 - محدد رقم الضبط
رقم الضبط OCoLC
005 - وقت وتاريخ اخر تعامل مع التسجيلة
رقم الضبط 20180829163304.0
008 - عناصر البيانات ثابتة الطول - معلومات عامة
حقل البيانات ثابتة الطول 150723t20162016enka b 001 0 eng d
020 ## - الرقم الدولى المعيارى للكتب
الرقم الدولى المعيارى للكتاب 9781292094939
020 ## - الرقم الدولى المعيارى للكتب
الرقم الدولى المعيارى للكتاب 1292094931
040 ## - مصدر الفهرسة
وكالة الفهرسة الأصلية NLE
لغة الفهرسة eng
قواعد الوصف rda
وكالة النسخ NLE
وكالة التعديل OCLCO
-- OCLCF
-- EUN
-- OCLCO
-- BUB
-- OCLCQ
050 00 - رقم طلب مكتبة الكونجرس
رقم التصنيف QP34.5
رقم المادة .S55 2016
082 ## - رقم تصنيف ديوى العشرى
رقم الطبعة 21
رقم التصنيف 612
رقم المادة SDH
100 1# - المدخل الرئيسى - إسم شخصى
الإسم الشخصى Silverthorn, Dee Unglaub,
التواريخ المصاحبة للاسم 1948-
الدور author.
9 (RLIN) 64457
245 10 - بيان العنوان
العنوان Human physiology :
بقية العنوان an integrated approach /
بيان المسئوليه,etc Dee Unglaub Silverthorn, Ph. D., University of Texas, Austin ; with contributions by Bruce R. Johnson, Ph. D., Cornell University and William C. Ober, M.D., illustration coordinator ; Claire E. Ober, R.N., illustrator ; Andrew C. Silverthorn, M.D., clinical consultant.
250 ## - بيان الطبعة
بيان الطبعة Seventh edition, Global edition.
300 ## - الوصف المادى
التعداد 1 volume (various pagings) :
تفاصيل ماديه اخرى للوعاء illustrations ;
أبعاد الوعاء 28 cm
500 ## - تبصرة عامة
تبصرة عامة Previous edition: 2013.
504 ## - تبصرة ببليوجرافية
تبصرة ببليوجرافية,الخ Includes bibliographical references and index.
650 #0 - المدخل الاضافى بالموضوع-مصطلح موضوعى
مصطلح موضوعي أو اسم جغرافي كعنصر مدخل Human physiology.
9 (RLIN) 64458
650 #2 - المدخل الاضافى بالموضوع-مصطلح موضوعى
مصطلح موضوعي أو اسم جغرافي كعنصر مدخل Physiology.
9 (RLIN) 64459
700 1# - المدخل الاضافى - اسم شخصى
الإسم الشخصى Johnson, Bruce Raymond,
الدور author.
9 (RLIN) 64460
700 1# - المدخل الاضافى - اسم شخصى
الإسم الشخصى Ober, William C.,
الدور author.
9 (RLIN) 10620
700 1# - المدخل الاضافى - اسم شخصى
الإسم الشخصى Ober, Claire E.,
الدور illustrator.
9 (RLIN) 64461
700 1# - المدخل الاضافى - اسم شخصى
الإسم الشخصى Silverthorn, Andrew C.
9 (RLIN) 64462
942 ## - عناصر المدخل الإضافي( كوها)
Koha [default] item type كتاب
المقتنيات
حالة الفقد نموذج السعر الفعال حالة تلف ليس للاعارة رقم الطلب تاريخ الاكتساب الموقع الحالي الباركود الفرع الرئيسي Date last seen نوع المادة فى نظام كوها مصدر التصنيف او خطة الترفيف Total Checkouts Date last checked out
  2018-08-29     612 SDH 2018-08-29 المكتبة المركزية بالمجمعة (CL) 00657446 المكتبة المركزية بالمجمعة (CL) 2018-08-29 كتاب Dewey Decimal Classification    
  2018-08-29     612 SDH 2018-08-29 المكتبة المركزية بالمجمعة (CL) 00657447 المكتبة المركزية بالمجمعة (CL) 2018-08-29 كتاب Dewey Decimal Classification    
  2018-08-29     612 SDH 2018-08-29 المكتبة المركزية بالمجمعة (CL) 00657448 المكتبة المركزية بالمجمعة (CL) 2018-08-29 كتاب Dewey Decimal Classification    
  2018-09-04     612 SDH 2018-09-04 مكتبة كلية العلوم الطبية التطبيقية بالمجمعة - طالبات (AMF) 00657821 مكتبة كلية العلوم الطبية التطبيقية بالمجمعة - طالبات (AMF) 2019-11-10 كتاب Dewey Decimal Classification 1 2019-11-04
  2018-09-04     612 SDH 2018-09-04 مكتبة كلية العلوم الطبية التطبيقية بالمجمعة - طالبات (AMF) 00657822 مكتبة كلية العلوم الطبية التطبيقية بالمجمعة - طالبات (AMF) 2020-03-10 كتاب Dewey Decimal Classification 2 2020-02-04